[Event "Moscow Tal Memorial 5th"]
[Site "Moscow"]
[Date "2010.11.06"]
[Round "2"]
[White "Nakamura, Hikaru"]
[Black "Eljanov, Pavel"]
[Result "1-0"]
[WhiteElo "2729"]
[BlackElo "2755"]
[Annotator "Nakamura,H"]
[PlyCount "79"]
[EventDate "2010.11.05"]
[EventType "tourn"]
[EventRounds "9"]
[EventCountry "RUS"]
[EventCategory "21"]
[SourceTitle "CBM 139"]
[Source "ChessBase"]
[SourceDate "2010.11.18"]
[SourceVersion "1"]
[SourceVersionDate "2010.11.18"]
[SourceQuality "1"]

{Today, I had white against Eljanov. Coming off yesterday, I wanted to win, or
to at least put pressure on him.} 1. d4 Nf6 2. c4 e6 3. g3 Bb4+ 4. Nd2 c5 {
The opening was a bit unusual, and he surprised me. I wasn't expecting c5, but
I played normal moves and the next five or six are pretty standard.} 5. dxc5
Bxc5 6. Bg2 O-O 7. Ngf3 Nc6 8. O-O d5 {This was the first position of the game
where either of us had to think, and I used quite a bit of time here.} 9. e3 {
I spent maybe 25 to 30 minutes on this move, mostly looking at variations with
...b6 and ...Ba6.} Qe7 {The after only a minute or two of thinking he played 9.
...Qe7 and I was very surprised by it. It is not a mistake and is completely
playable, I just don't think it is best.} 10. cxd5 {Here I spent another 15 to
20 minutes before taking on d5, because I couldn't find a good plan, and then
I saw the plan with a4 followed by Nd4 and Qb3.} exd5 11. Nb3 Bb6 12. a4 a6 13.
Nbd4 Bg4 {Again, these moves are quite normal, and there is little to
calculate. You just play the moves that feel the most natural.} 14. Qb3 Ba7 15.
Bd2 Ne4 16. Bc3 {This was the second position where he had a decision to make
and I think he made a mistake.} Nxc3 $2 {After this he will be worse for the
rest of the game.} 17. bxc3 {Although his move may look fairly normal, it
leaves weaknesses on d5 and b7 that I can attack.} Rfd8 18. Nd2 {This is an
imprecision, possibly even a mistake.} ({Instead I should have played} 18. Ne2
{immediately and then headed to f4 as I later did in the game.}) 18... Na5 19.
Qa2 ({As a matter of fact, I had miscalculated and saw too late that after 18.
Nd2 Na5} 19. Qb4 Qxb4 20. cxb4 Bxd4 21. exd4 Nc6 {wins a pawn.}) 19... Qd7 20.
N2f3 {Pretty much I realized my whole idea was incorrect so I went back to f3
planning to play Ne2-f4.} Qe7 {I was surprised by this, and had been expecting}
(20... Nc4 21. Ne2 Qf5 {If this were to happen, it is unclear. I am probably
still a bit better since the d5 pawn is still weak.}) 21. Ne2 Bf5 22. Nf4 Be4
23. Rfd1 {I actually thought his maneuver of Bf5-e4 was correct here.} Qc5 {
This is a big mistake.} ({Variations I had considered were} 23... Nc4 24. Nd2
Bxg2 25. Kxg2 Bxe3 {I wasn't sure about this variation.} 26. Nxc4 (26. fxe3
Nxe3+ 27. Kh1 Nxd1 28. Rxd1 d4 {Here too I wasn't sure what was going on in
the position. Maybe I'm better, maybe I'm worse.}) 26... Bxf4 27. Nb6 Rab8 28.
gxf4 Rd6 {with the idea of Rg6 and Qe4. It could be winning for me, but I
wasn't sure.}) 24. Ng5 Bxg2 25. Kxg2 {This looks nothing special at first.} h6
{#} (25... Nc4 {is not possible, since after} 26. Qb1 {a pawn is hanging.}) 26.
Rxd5 $1 {I actually saw this move when I played Ng5, but I spent a long time
calculating it since it is very unusual.} Rxd5 27. Ne4 {And this is the whole
point.} Qc4 {I think Pavel played the correct move.} ({If he had played} 27...
Qe7 {instead, then} 28. Qxd5 Rd8 29. Qf5 Nc4 30. Nd5 {with a bit of an attack.}
) 28. Qxc4 Nxc4 29. Nxd5 Re8 {The correct move.} (29... Rd8 {seems close to
winning, but it doesn't quite work after} 30. Ne7+ Kf8 31. Nf5 g6 32. Nd4 (32.
Nxh6 f5 33. Ng5 Rd2) 32... Re8 (32... f5 $2 33. Ne6+) 33. Nf6 Rd8 {and White
is up a pawn. Should be winning.}) 30. Nef6+ {Completely forced.} gxf6 31.
Nxf6+ Kf8 32. Nxe8 Kxe8 33. Rb1 {#The real question now is whether black
should play passively, as Pavel played in the game, or actively.} Nd6 ({
I think the active plan doesn't work after} 33... b5 34. axb5 a5 {and here I
had planned} 35. Rd1 {with the point of preventing Kd7} (35. Ra1 Bb6 36. Kf3
Kd7 {and the position is very unclear. Maybe it is winning, maybe it is losing,
but it seemed very dangerous to play.}) 35... a4 36. Kf3 a3 37. Ke4 {followed
by Kd5, winning.}) 34. e4 {This move doesn't give Black time to bring the king
to c6. If he does, the pawns supported by the king and pieces can go very fast.
} b6 $4 {A blunder, after which Eljanov is losing.} ({Though things are bad
even after} 34... f6 35. f4 Nxe4 36. Rxb7 Bc5 37. Rb8+ Kf7 38. Ra8) 35. e5 Nb7
({I suspect that Pavel forgot that after} 35... Ne4 36. Rb4 Nxc3 {is not
possible because of} 37. Rc4 Nd5 38. Rc8+ Kd7 39. Ra8 {and the bishop is
trapped.}) 36. Rb4 {The idea is Rh4 obviously.} Nc5 (36... Kf8 {fails to} 37.
Rd4 {threatening Rd7 so} Ke8 38. Rh4) 37. Rh4 Kf8 (37... Bb8 38. f4 Nxa4 39.
Rxh6 Bc7 40. Rh8+ Ke7 41. h4 {and I think the h-pawn is too fast here.}) 38.
Rxh6 Kg7 39. Rc6 Nxa4 (39... Bb8 40. f4 Nxa4 41. Rc8 Ba7 42. Ra8 {Trapping the
bishop once more.}) 40. e6 (40. e6 fxe6 (40... Bb8 41. e7) 41. Rc7+) 1-0

[Event "FIDE World Cup"]
[Site "Khanty Mansiysk"]
[Date "2019.09.13"]
[Round "2.1"]
[White "Nisipeanu, Liviu Dieter"]
[Black "Nakamura, Hikaru"]
[Result "1-0"]
[WhiteElo "2656"]
[BlackElo "2745"]
[Annotator "Nisipeanu,LD"]
[PlyCount "59"]
[EventDate "2019.09.10"]
[EventType "k.o."]
[EventRounds "7"]
[EventCountry "RUS"]
[SourceTitle "CBM 192"]
[Source "ChessBase"]
[SourceDate "2019.10.31"]
[SourceVersion "1"]
[SourceVersionDate "2019.10.31"]
[SourceQuality "1"]

{I felt that my best chances in this mini match were in the classical time
control portion.So, I started to prepare in the morning, checking and
rechecking all sorts of lines, the only problem being zhat I was preparing for
the wrong colour. Luckily, at lunch Sergey Movsesian and Rustam Kasimdzhanov
both confirmed that I am playing with white, otherwise I would have a nasty
surprise at the playing hall.Well, what to do in less one hour? Play a line
which limits his possibilities to the maximum.} 1. Nf3 Nf6 2. d4 e6 3. c4 d5 4.
Nc3 Be7 5. g3 {By choosing this move order, White avoids the lines ...Bb4 and .
..dxc4 followed by ...Nc6 in the Catalan.} O-O (5... dxc4 6. Bg2 Nbd7 (6... Nc6
7. Qa4 {is not good for Black here.}) 7. Nd2 Nb6 8. Nxc4 O-O 9. Ne5 c5 {
is the only serious alternative, but I would have been happy playing this
position.}) 6. Bg2 dxc4 7. Ne5 Qd6 {This was the only line that I did not
manage to check before the game . Of course I knew something about it, but I
remembered only the main line of my analysis which leads to a equal position
if Black is accurate. The problem was that I was certain that Hikaru would
know all that. Hence, I started to look for alternatives at every move, hoping
to find something new and hopefully playable.} 8. O-O Qa6 9. a4 Nc6 $1 (9...
Rd8 10. Nb5 Ne8 11. Qc2 Nc6 12. Qxc4 Nxd4 13. Be3 Nf5 14. Bc5 $14 {was my own,
painful experience as black against Meier in Dortmund 2018}) (9... c6 10. Bg5
h6 (10... Nbd7 11. Ne4 Re8 12. Bxf6 Nxf6 13. Qc2 $16) 11. Bxf6 gxf6 12. Nf3 $44
{is quite promising for White.}) 10. Nb5 Nxe5 11. dxe5 Rd8 12. exf6 {The most
natural move in the position. I tried very hard to remember my conclusions of
this sacrifice, but after failing miserably I resorted to the good old
fashioned calculation-evaluation tool.} (12. Qc2 Nd5 13. Qxc4 Bd7 14. b3 Nb6 $5
15. Qxc7 Nd5 16. Bxd5 exd5 17. Qc3 Bxb5 18. axb5 Qxb5 $11 {was the line I
remembered, but in all honesty, it does not look very challenging to me. If
you remember Nb6-d5, that is all you need to know.}) 12... Rxd1 13. Rxd1 ({
I spent some time on the alternative} 13. fxe7 Rxf1+ 14. Bxf1 (14. Kxf1 $2 Bd7
15. Nxc7 Qd6 16. Bf4 (16. Nxa8 Qd1#) 16... e5 17. Nxa8 exf4 $19) 14... Bd7 15.
Nxc7 Qc6 16. Nxa8 Qc8 {but I could not see how I would have winning chances
here}) 13... Bd6 14. Bf4 e5 $2 {Since this move, like all the others before,
was blitzed out by my opponent, Hikaru must have mixed up something with his
home preparation. Anyway, after this move, objectively Black is just lost.} (
14... Qa5 {was forced and also the main move I focused on. My plan was to play}
15. Nxd6 (15. Bd2 Qa6 16. Bf4 $11 {is a typical engine line,which never
crossed my mind during the game}) 15... cxd6 16. Rxd6 gxf6 17. Bh6 e5 18. Rad1
Be6 19. Bxb7 {and I thought that White may not win, but he runs no risk at all.
The engines seem to confirm that the position is indeed equal.}) 15. Nxd6 (15.
Bxe5 Qa5 (15... Bh3 16. Bxd6 Bxg2 17. Nxc7 Qc6 18. Nxa8 Bh3 19. f3 $18) 16. Bc3
Qb6 17. Nxd6 cxd6 18. a5 {was also very good for white}) 15... cxd6 $2 {
The question mark is maybe harsh, but I feel that from a practical point of
view this was the decisive mistake} (15... exf4 16. Ne8 Qa5 (16... Qb6 17. a5
$1 (17. Rd8 gxf6 18. Rad1 Qxb2 {is completely unclear}) 17... Qxb2 18. Nxc7
gxf6 19. Nxa8 $18 {was the line I had seen during the game}) (16... Bg4 17.
Nxc7 Qxf6 18. Nxa8 Bxe2 19. Re1 f3 20. Nc7 $1 $18) 17. Rd8 gxf6 18. Rad1 Rb8 {
would have been a much better practical choice, because it would have forced
me to find the only winning and far from obvious move} 19. Bf3 $3 {after which
Black is curiously helpless, for example} Qxa4 20. Nxc7+ $1 (20. Nxf6+ $2 Kg7
21. Nh5+ Kh6 22. Nxf4 Bf5 $17) 20... Kg7 21. Ne8+ Kg6 22. R1d6 Qa1+ 23. Kg2
Qxb2 (23... Bh3+ 24. Kxh3 Rxd8 25. Rxf6+ Kg5 26. gxf4#) 24. g4 Qe5 25. h4 $18)
16. Bxe5 Qa5 17. Rxd6 Bg4 18. Bc3 {Arround here I felt certain that my
position is winning, but knowing how resourceful Hikaru usually is,I stayed
fully focused till the end.} Qc7 19. Rad1 g6 (19... Bxe2 20. Rd7 Qb8 21. R1d4
$18) 20. Bxb7 $18 Rf8 21. Bf3 {I could not resist to the temptation to form a
'testudo' arround my king.} Bxf3 22. exf3 h5 23. Kg2 {It is allways a good
idea not to rush when you have things under control.The winning plan is very
simple: secure the king to the maximum and then go after the black a-pawn.} Re8
24. h4 Qc8 25. a5 a6 26. Rd7 Qa8 27. R1d6 Rc8 28. Bd4 c3 29. bxc3 Re8 30. Bb6
1-0

[Event "EU-ch 12th"]
[Site "Aix les Bains"]
[Date "2011.03.26"]
[Round "5"]
[White "Erdogdu, Mert"]
[Black "Pelletier, Yannick"]
[Result "0-1"]
[WhiteElo "2425"]
[BlackElo "2593"]
[Annotator "Pelletier,Y"]
[PlyCount "66"]
[EventDate "2011.03.22"]
[EventType "swiss"]
[EventRounds "11"]
[EventCountry "FRA"]
[SourceTitle "CBM 142 Extra"]
[Source "ChessBase"]
[SourceDate "2011.06.27"]
[SourceVersion "1"]
[SourceVersionDate "2011.06.27"]
[SourceQuality "1"]

1. d4 e6 2. c4 Nf6 3. g3 d5 4. Nf3 Bb4+ 5. Bd2 Be7 6. Bg2 c6 7. O-O O-O 8. Qc2
b6 9. Rd1 Bb7 {Die geschlossene Variante des katalanischen Systems steht in
letzter Zeit im Mittelpunkt der theoretischen Gespräche. Hier entwickelt
Schwarz seinen Läufer häufiger nach a6.} 10. Bf4 Na6 (10... Nbd7 {ist der
natürliche Zug, aber der Textzug hat auch seine Idee.}) 11. a3 ({Nach} 11. Nc3
dxc4 12. Ne5 Nd5 13. Nxc4 Nxf4 14. gxf4 Nb4 {kommt der Springer mit
Tempogewinn nach d5. 11.a3 wird von Avrukh in seinem Buch empfohlen. Aber viel
zur Sache ändert das nicht, das Stellungstyp bleibt dasselbe.}) 11... Rc8 12.
Nc3 dxc4 13. Ne5 Nd5 14. Nxc4 Nxf4 15. gxf4 Nc7 16. Ne5 (16. Qa4 {gewinnt
einen Bauern, aber Schwarz steht nach} Nd5 {in Ordnung.}) 16... Nd5 17. e3 Kh8
({Ähnlich ist} 17... f6 {, wie Eljanov im letzten Jahr spielte.}) 18. Rac1 f6
19. Nf3 Bd6 20. f5 $6 ({Der Beginn eines falschen Plans. Weiß sollte am
Damenflügel spielen, und der Bauer f4 als zentralen Zement lassen, z.B.} 20.
Qa4 Bb8 21. Rc2 Qe7 22. Rdc1 $13) 20... Qe7 ({Gut war auch} 20... Nxc3 21. bxc3
exf5 22. Qxf5 Rc7 {Schwarz wird c6-c5 vorbereiten und die Stellung für sein
Läuferpaar öffnen.}) 21. Nh4 $6 ({Weiß übersieht die gegnerische Antwort und
gerät unter unangenehmen Druck. Schwarz steht aber nach} 21. fxe6 Qxe6 22. Qe4
(22. Nxd5 cxd5 $15) 22... Qd7 $15 {bereits etwas besser.}) 21... g5 $1 22. fxg6
(22. Nf3 {verliert einen Bauern:} Nxc3 23. bxc3 exf5 24. Qxf5 Bxa3 25. Ra1 Rc7
$17) 22... f5 23. Nf3 (23. g7+ Qxg7 24. Nxd5 cxd5 25. Qe2 f4 $17) 23... Rg8 {
[%cal Gg8g2,Gb7g2] Die Idee von 21...g5 war natürlich nicht die Rückeroberung
des Bauern, sondern Linienöffnung am Königsflügel.} 24. Nxd5 ({Dieser Abtausch
dient dazu, die lange Diagonale geschlossen zu halten.} 24. gxh7 Qxh7 25. Ne2 {
[%cal Ge2g3]} c5 $19 {ist keine gute Verteidigung.}) 24... exd5 ({Kräftiger als
} 24... cxd5 25. Qa4 Rxg6 26. Rxc8+ Bxc8 27. Rc1 Rg8 $15 {, was zu einem
Turmtausch führt.}) 25. Kh1 (25. Ne5 Bxe5 26. dxe5 Rxg6 $17 27. f4 $140 Rcg8
28. Rd2 c5 $19) 25... Rxg6 26. Rg1 Rf8 $5 {[%cal Gg6h6] Auf der g-Linie hat
sich Weiß organisiert. Schwarz bereitet ...Rh6 vor, deckt aber zuerst seinen
f-Bauern.} 27. Bh3 ({Nach} 27. b4 Rh6 {droht bereits ...Bxh2, wobei} 28. h3 f4
29. exf4 Bc8 30. Rce1 Qf6 {zu schwarzer Gewinnstellung führt.}) (27. Qc3 Rh6
28. h3 f4 29. exf4 Qf6 $17 {ist eine unangenehm zu verteidigende Stellung,
während}) (27. Ne5 $17 {den Druck zwar erleichtert, aber einen Bauern kostet.})
27... Rh6 28. Bxf5 $2 ({Das führt zum raschen Niedergang. Hartnäckiger war} 28.
Ng5 Rh5 29. f4 {da Schwarz noch einige genaue Züge finden müsste, man sehe:} h6
30. Qe2 Rh4 $1 31. Nf3 Rxh3 32. Qg2 Rxf3 33. Qxf3 c5 {Falls Schwarz auf der
g-Linie aufpasst, gewinnt er problemlos.}) 28... Qf6 29. Rg5 ({Vielleicht
hatte mein Gegner vorher} 29. Bg4 {geplant? Es ist Matt in 2 Zügen:} Qxf3+ $1
30. Bxf3 Rxh2#) 29... Bc8 30. e4 dxe4 31. Bxe4 Bxh2 32. Nxh2 (32. Rg2 Bf4+ 33.
Kg1 Bh3 $19) 32... Qxg5 33. f3 Rxh2+ (33... Rxh2+ 34. Kxh2 (34. Qxh2 Qxc1+)
34... Rg8 $19) 0-1

[Event "Biel GM"]
[Site "Biel"]
[Date "2002.07.29"]
[Round "7"]
[White "Kortschnoj, Viktor Lvovich"]
[Black "Pelletier, Yannick"]
[Result "1/2-1/2"]
[WhiteElo "2626"]
[BlackElo "2571"]
[Annotator "Pelletier,Y"]
[PlyCount "114"]
[EventDate "2002.07.22"]
[EventType "tourn"]
[EventRounds "10"]
[EventCountry "SUI"]
[EventCategory "16"]
[SourceTitle "CBM 091"]
[Source "ChessBase"]
[SourceDate "2002.11.12"]
[SourceVersion "1"]
[SourceVersionDate "2002.11.12"]
[SourceQuality "1"]

1. c4 Nf6 2. d4 e6 3. g3 d5 4. Bg2 Be7 5. Nf3 O-O 6. Qb3 {Um die
Hauptfortsetzungen zu vermeiden, ist Viktor Kortschnoj bereit, Zeit mit seiner
Dame zu verlieren!} c5 7. cxd5 ({Vernünftiger ist wohl} 7. O-O Nc6 8. cxd5 Qxd5
$11) 7... exd5 $5 8. dxc5 Nbd7 9. O-O (9. c6 bxc6 10. Nd4 Rb8 11. Qc2 Bb7 {/\c5
}) 9... Nxc5 10. Qd1 {Von 2 Mehrtempis ist hier aber nicht die Rede. Denn der
Nc5 steht nicht ideal, nimmt er ja nicht zur Kontrolle von d4 teil.} Bg4 $6 ({
Ich verbrauchte viel Zeit, um zu bestimmen, wie ich meine Figuren aufstellen
sollte, fand aber keinen Vorteil für Schwarz. Etwas enttäuscht spielte ich
dann diesen schablonenhaften Entwicklungszug, ohne mir wirklich zu realisieren,
dass Weiß dann die Initiative übernehmen kann. Richtig war also} 10... Nfe4 11.
Be3 Bf6 12. Bd4 Be6 $11 {[%csl Rc3]}) 11. Be3 Rc8 12. Nc3 a6 (12... Nce4 13.
Nb5 a6 14. Nbd4) 13. Ne5 Be6 14. Bd4 $14 Nfe4 $1 {Es gilt eben schon, um den
Ausgleich zu kämpfen. Dafür muss Schwarz seine Figuren etwas aktivieren.} 15.
Rc1 (15. Bxc5 Rxc5) 15... Qd6 16. Nd3 ({Falls} 16. Bxc5 Rxc5 17. Nxe4 dxe4 (
17... Rxc1 18. Nxd6 Rxd1 19. Rxd1 Bxd6 20. Nc4 Bxg3 21. hxg3 dxc4 22. Bxb7 a5
$11) 18. Qxd6 Bxd6 19. Rxc5 Bxc5 20. Bxe4 Bd4 21. Nd3 Bxa2 22. Bxb7 Rb8 {
wird Schwarz wohl die Partie trotz Minusbauern remisieren.}) 16... Nxc3 17.
Rxc3 ({Auf} 17. Bxc3 {wollte ich mit} b6 $13 {reagieren} ({, da} 17... d4 18.
Nxc5 dxc3 19. Qxd6 Bxd6 20. Nxe6 fxe6 21. Rxc3 Rxc3 22. bxc3 $14 {vorteilhaft
für Weiß ist.})) 17... Ne4 18. Rb3 {Weiß möchte so viele Figuren behalten wie
möglich. Dieser Turm wird für die Belagerung des isolierten Bauern benützt.} b5
19. Nf4 {[%csl Rd5][%cal Gb3d3]} Rfd8 (19... Bg5 $2 20. Bxg7) 20. Rd3 Qc6 21.
h4 a5 ({Schwarz soll am Damenflügel Raum gewinnen.} 21... Bd6 22. Nxe6 fxe6 23.
Bh3 {war weniger genau.}) 22. Kh2 b4 23. Nxe6 fxe6 24. Re3 Bf6 25. Bxf6 gxf6 $6
{[%csl Rg8]} ({Es gab keinen Grund, diesen riskanten Zug zu wählen, zumal} 
25... Nxf6 26. Qd4 Qd6 27. Bh3 Re8 {[%cal Gc8c2,Ge6e5] für Schwarz völlig in
Ordnung ist.}) 26. Rd3 f5 27. f3 Nc5 28. Rd2 Qd6 29. e3 Rd7 30. Rc2 Rg7 31. f4
Rgc7 32. g4 {Kortschnoj macht natürlich dort auf, wo ich kritisch stehe. Zum
Glück hat auch er dort Schwächen.} fxg4 (32... Qe7 $2 33. gxf5 Qxh4+ 34. Bh3
$16) 33. Qxg4+ Rg7 34. Qh5 (34. Qd1 Qd8 $1 {[%csl Rh4]} 35. Kh3 (35. Qd4 Qxh4+
36. Kg1 Qg3 37. Rff2 Rgc7) 35... Nd7 $1 (35... Qf6 36. f5) 36. Rxc8 Qxc8 $13
37. f5 $140 Nf6 $36) 34... Kh8 35. Qe5 ({Ich hoffte auf die Fortsetzung} 35.
Rfc1 $2 Rcg8 36. Bf3 Nd3 37. Rc6 (37. Rd1 Nxf4) 37... Qe7 38. Rd1 Qf6 $1 $19)
35... Qd8 ({Mir gefiel das Enspiel nicht nach} 35... Qxe5 36. fxe5 Rgc7 (36...
Rg4 {(/\ Rc4)} 37. b3 $1 $16) (36... Rcc7 37. Rfc1 Na6 38. Rc6) 37. Rf6 $14) ({
und auch} 35... Qe7 36. Rg1 $36 {erweist sich als ungenau.}) 36. Rfc1 (36. h5
Qh4+ $1 (36... h6 37. Rg1 Rcc7 38. Bh3 $16) 37. Kg1 Rcc7 $13) ({und} 36. Rg1
Nd3 $1 37. Rxc8 Qxc8 38. Qf6 Qc2 $11 {stellen keine Schwierigkeiten.}) 36...
Qxh4+ 37. Kg1 Qg3 38. Re2 Rcc7 $138 39. Qf6 $6 ({Auf} 39. Qd6 {hatte ich den
Zug} Nb7 {vorbereitet, wobei Schwarz nach} 40. Qxc7 Rxc7 41. Rxc7 Nd6 {genug
Aktivität mit seinem Figurenduo entfaltet.}) 39... h5 $6 ({Mit hängendem
Blättchen führte ich diesen Zug aus, ohne natürlich alle Konsequenzen im
voraus gesehen zu haben. In der Tat ist es großes Glück, dass Schwarz dann
nicht verliert. Besser war aber auf jeden Fall} 39... Rcf7 40. Qd4 Nd7 {
, wonach Weiß noch etwas aufpassen müsste.}) 40. Rxc5 Rxc5 41. Qf8+ Kh7 42.
Qxc5 h4 {Weiß kann es nicht vermeiden, dass die Mehrfigur gerade vom Brett
verschwindet. Aber ganz fertig ist noch nicht.} 43. e4 (43. Qc2+ {war die
Alternative, aber Schwarz erreicht den Remishafen mittels} Kh6 ({oder} 43...
Kg8 44. Qc8+ Kh7 {- 43...Kh6}) 44. Qc8 Kh7 45. Qxe6 h3 46. Qxd5 hxg2 47. Qh5+
Kg8 48. b3 Kf8 {[%csl Rg1] , denn es ist nicht zu sehen, wie Weiß Fortschritte
erzielen kann.}) 43... h3 44. exd5 hxg2 $1 ({Verführerisch war} 44... Qd3 $2 {
, da Weiß die Ressource} 45. Qe3 $1 {zur Verfügung hat.} (45. Qc2 Qxc2 46. Rxc2
exd5 47. Kf1 hxg2+ 48. Rxg2 Rf7 $1 $11) {Nach} 45... Rxg2+ ({oder} 45... Qxe3+
46. Rxe3 Rxg2+ 47. Kh1 Kg7 48. dxe6 Kf8 49. f5 Rxb2 50. e7+ Ke8 51. f6 Rf2 52.
Re6 a4 53. Rd6 $18) 46. Kh1 Qd1+ (46... Qxe2 47. Qxh3+ Kg6 48. Qxg2+ Qxg2+ 49.
Kxg2 exd5 50. Kf3 $18) 47. Re1 Qg4 48. Qe4+ Kg7 49. dxe6 Qg3 50. Qe5+ Kg8 51.
Qg5+ Qxg5 52. fxg5 Kf8 53. e7+ Ke8 54. Rg1 $1 $18 {gibt es keine Hoffnung mehr.
}) 45. Qe3 ({Andere Möglichkeiten bringen auch nichts ein:} 45. dxe6 Qh4 46.
Rxg2 (46. Qf5+ $2 Kh8 $1 $19)) (45. Rxe6 Qh3 46. Qc2+ Kg8 47. Qc8+ Kh7 48. Qc2+
Kg8 {mit Dauerschach in beiden Fällen, oder}) (45. Qc2+ $2 Kh8 $1 $19) 45...
Qxe3+ 46. Rxe3 exd5 47. Rh3+ Kg8 48. Rh2 Rc7 49. Rxg2+ Kf7 50. Kf2 b3 ({
Einfacher als} 50... a4 51. Ke3 b3 52. axb3 (52. a3 Kf6 53. Rd2 Rc2 $1 54. Rxc2
bxc2 55. Kd2 Kf5 56. Kxc2 (56. b4 $4 axb3 57. a4 d4 58. a5 d3 59. Kc1 Kxf4 60.
a6 Ke3 $19) 56... Kxf4 57. b4 axb3+ 58. Kxb3 Ke3 59. Kc2 $11) 52... axb3 53.
Rd2 Ke6 54. Rd3 $14) 51. axb3 Rb7 52. Rg3 Kf6 53. Rd3 Kf5 54. Ke3 (54. Kf3 d4
55. Ke2 Ke4) 54... Rb5 55. b4 Rxb4 56. Rxd5+ Ke6 57. Rd2 a4 1/2-1/2